Tratado sobre el cheque: doctrina, legislación y jurisprudencia chilena

Saved in:
Bibliografiske detaljer
Hovedforfatter: Vásquez Méndez, Guillermo (Author)
Format: Bog
Sprog:spansk
Udgivet: Concepción Librotec 1966
Fag:
Tags: Tilføj Tag
Ingen Tags, Vær først til at tagge denne postø!

MARC

LEADER 00000nam a2200000 a 4500
001 UCS2162
003 CL-VaPUC
008 970516e19660000CL |||||||||||||||||spa|d
082 0 4 |a 346.096  |b VAS  |2 21 
100 0 |a Vásquez Méndez, Guillermo  |e author  |9 387264 
245 1 0 |a Tratado sobre el cheque: doctrina, legislación y jurisprudencia chilena 
300 |a 3 v 
942 |c BK 
945 |d 19970516 00:00:00  |a lriquelm 
260 |a Concepción  |b Librotec  |c 1966 
650 0 |a Derecho comercial   |9 256340 
650 0 |a Cheque  |9 257249 
650 7 |a LETRA DE CAMBIO  |2 CL-VaPUC  |9 257958 
650 0 |a Cheque viajero  |9 648213 
650 7 |a DELITOS SOBRE CHEQUES  |2 CL-VaPUC  |9 377305 
650 7 |a PROTESTO DE LETRA DE CAMBIO  |2 CL-VaPUC  |9 387266 
651 7 |a CHILE  |2 CL-VaPUC  |9 387267 
583 |a last modification  |c 19970516 00:00:00  |k Rodrigo Vera 
999 |c 260153  |d 260151 
952 |0 0  |1 0  |4 0  |6 346_096000000000000_VAS_1966  |7 0  |8 A  |9 285800  |a BIBDER  |b BIBDER  |d 2019-11-19  |h v.1  |i 1856596  |o 346.096 VAS 1966  |p 1856596  |r 2023-01-25  |w 2019-11-19  |y BK  |k DER 
952 |0 0  |1 0  |4 0  |6 346_096000000000000_VAS_1966  |7 0  |8 A  |9 285802  |a BIBDER  |b BIBDER  |d 2019-11-19  |h v.2  |i 1856618  |o 346.096 VAS 1966  |p 1856618  |r 2023-01-25  |w 2019-11-19  |y BK  |k DER 
952 |0 0  |1 0  |4 0  |6 346_096000000000000_VAS_1966  |7 0  |8 A  |9 285803  |a BIBDER  |b BIBDER  |d 2019-11-19  |h v.3  |i 1856626  |o 346.096 VAS 1966  |p 1856626  |r 2023-01-25  |w 2019-11-19  |y BK  |k DER